|
|
|
|
| LEADER |
00000nab a2200000 a 4500 |
| 001 |
vtls000616147 |
| 003 |
SK-MaSNL |
| 005 |
20260302184653.0 |
| 008 |
160401c1997 xo 0 slo |
| 015 |
|
|
|a SNBRB19rr/mm-uuuuu
|
| 035 |
|
|
|a CL0616286
|
| 040 |
|
|
|a SNKBUCL
|b slo
|c SNKBUCL
|e AACR2
|
| 041 |
0 |
|
|a slo
|
| 044 |
|
|
|a xo
|c SK
|
| 080 |
|
|
|a 331.228:64.024.5:340.132
|2 1981
|
| 080 |
|
|
|a 64.024.5
|2 1981
|
| 080 |
|
|
|a 340.132
|2 1981
|
| 100 |
1 |
|
|a (-pý-)
|4 aut
|9 900153
|
| 245 |
1 |
0 |
|a Výška stravného pri zahraničných pracovných cestách v cudzej mene
|c (-pý-)
|
| 300 |
|
|
|b Tab. 1
|
| 650 |
0 |
7 |
|a cesty pracovné zahraničné
|2 snkbucl
|9 900154
|
| 650 |
0 |
7 |
|a výdavky stravné
|2 snkbucl
|9 900155
|
| 655 |
|
7 |
|a články z novín a časopisov
|2 snkbucl
|9 267496
|
| 773 |
0 |
|
|t Odborárske spektrum
|g Roč. 8, č. 7 (1997), s. 13-14
|
| 850 |
|
|
|a Slovenská národná knižnica v Martine
|a MTA001
|
| 852 |
|
|
|a SNK
|b KIS3GCP
|
| 958 |
|
|
|a RK
|
| 958 |
|
|
|a RBX
|
| 999 |
|
|
|c 1426413
|d 1428343
|